01116nam a2200193Ia 4500001001000000003001000010008004100020040002500061041001300086100001200099245006100111250001100172260005400183300001300237500026000250501011400510520026000624650003800884L603-2319IT-CnALBA170116s9999||||xx |||||||||||||| ||und|| aIT-CnALBAcIT-CnALBA aITALIANO aAA. VV. 0aENCICLOPEDIA MEDICA ITALIANA. VOL. II. PARTE II. CA-CL.  a1a ed. aMILANObVALLARDI FRANCESCO & ANTONIO EDIT. cn.d. a1226 p.  aBIBLIOTECA CAN. CHIESA. REDATTA CON LA COLLABORAZIONE DI MEDICI E CHIRURGHI. ILLUSTRAZIONI NEL TESTO. INDICE DEI CONTENUTI. SPECIALISTI COLLABORATORI.ARMANNI. BLASI. DE MARTINI. FASCE. GALLOZZI. MONTI. OROSI. PINI. PRIMAVERA . SIRENA. TENORE. UFFREDUCCI.  aSocietà San Paolo EM - Piazza San Paolo, 14 - 12051 ALBA (CN) (non commercial uses only) ® Copyright 2017 aBIBLIOTECA CAN. CHIESA. REDATTA CON LA COLLABORAZIONE DI MEDICI E CHIRURGHI. ILLUSTRAZIONI NEL TESTO. INDICE DEI CONTENUTI. SPECIALISTI COLLABORATORI.ARMANNI. BLASI. DE MARTINI. FASCE. GALLOZZI. MONTI. OROSI. PINI. PRIMAVERA . SIRENA. TENORE. UFFREDUCCI.  aDIZIONARI DELLE SCIENZE APPLICATE